Normal view
MARC view
- Database Programming
Entry Topical Term
001 - CONTROL NUMBER
- control field: 6534
003 - CONTROL NUMBER IDENTIFIER
- control field: JO-AjAnu
005 - DATE AND TIME OF LATEST TRANSACTION
- control field: 20230606071347.0
008 - FIXED-LENGTH DATA ELEMENTS
- fixed length control field: 230606|| aca||aabn | a|a d
040 ## - CATALOGING SOURCE
- Original cataloging agency: JO-AjAnu
- Transcribing agency: JO-AjAnu
150 ## - HEADING--TOPICAL TERM
- Topical term or geographic name entry element: Database Programming
670 ## - SOURCE DATA FOUND
- Source citation: Work cat.: (JO-AjAnu)3387: Bush, Josephine , author 6533, Learn SQL Database Programming: Query and manipulate databases from popular relational database servers using SQL